Yumeiro Patissiere A-Z Quiz Stats

 Plays Quiz not verified by Sporcle

Also try: Famous Anne
Challenge
Share
Tweet
Embed
Score 0/26 Timer 10:00
0 Plays Today
Hint Answer % Correct
The main character (last name goes first)Amano Ichigo
92.2%
Makoto Kashino's Sweet SpiritChocolat
82.9%
What Hanabusa calls __________Ichigo
69.8%
Lemon's Sweet SpiritMint
65.9%
The titleYumeiro Patissiere
65.9%
What does Caramel usually say?Desu
63.6%
Person in A group that wants to be a chocolatierMakoto Kashino
58.1%
Mari's last nameTennouji
58.1%
Koshiro Miya's nicknameHeiress
52.7%
Team_____ (2nd match of Grand Prix)Lemon
51.2%
_______ of sweet spiritsQueen
51.2%
Tennouji's teammates' nickname for herPrincess Mari
38.8%
Green haired bad boy drop out gang sweet spiritNarcy
35.7%
Hint Answer % Correct
Rina's Sweet SpiritBlack Cherry
33.3%
Tennouji's most trusted personRui
23.3%
10.9%
10.9%
10.9%
10.9%
10.9%
10.9%
10.9%
10.9%
10.9%
10.9%
10.9%

You're not logged in!

Compare scores with friends on all Sporcle quizzes.
OR
Log In

You Might Also Like...

Show Comments

Extras

Created Jul 15, 2010ReportNominate
Tags:Letter Quiz, A-Z

Top Quizzes Today


Score Distribution

Your Account Isn't Verified!

In order to create a playlist on Sporcle, you need to verify the email address you used during registration. Go to your Sporcle Settings to finish the process.

Report this User

Report this user for behavior that violates our Community Guidelines.

Details: